Teoría de la constitución (Record no. 133754)

MARC details
000 -LEADER
fixed length control field 00585cam a2200181 4500
005 - DATE AND TIME OF LATEST TRANSACTION
control field 20250708084156.0
008 - FIXED-LENGTH DATA ELEMENTS--GENERAL INFORMATION
fixed length control field 031006s2001 sp 000 0 spa u
020 ## - INTERNATIONAL STANDARD BOOK NUMBER
International Standard Book Number 9505085591
050 04 - LIBRARY OF CONGRESS CALL NUMBER
Classification number KHA2921
Item number S24 2001
100 1# - MAIN ENTRY--PERSONAL NAME
Personal name Sagüés, Néstor Pedro
245 10 - TITLE STATEMENT
Title Teoría de la constitución
Statement of responsibility, etc / Néstor Pedro Sagüés
250 ## - EDITION STATEMENT
Edition statement 1a ed.
260 ## - PUBLICATION, DISTRIBUTION, ETC. (IMPRINT)
Place of publication, distribution, etc Buenos Aires :
Name of publisher, distributor, etc Astrea de Alfredo y Ricardo Depalma,
Date of publication, distribution, etc 2001
300 ## - PHYSICAL DESCRIPTION
Extent xxxii, 519 p. ;
Dimensions 23 cm.
504 ## - BIBLIOGRAPHY, ETC. NOTE
Bibliography, etc Bibliografía : p. 497-513 e índice
650 #7 - SUBJECT ADDED ENTRY--TOPICAL TERM
Source of heading or term lemb
Topical term or geographic name as entry element Derecho constitucional
Geographic subdivision Argentina
942 ## - ADDED ENTRY ELEMENTS (KOHA)
Source of classification or shelving scheme Biblioteca del Cogreso de los Estados Unidos
Koha item type Libro
Holdings
Estado de pérdida Fuente de clasificación Estado del daño No para préstamo Ubicación permanente Ubicación actual Apartado o colección Fecha de adquisición Edición Área del conocimiento Clasificación Código de Barras Date last seen Número de copia Costo por reposición Tipo de recurso
  Biblioteca del Cogreso de los Estados Unidos     Biblioteca de la Facultad de Derecho y Ciencias Sociales "Felipe J. Tena" Biblioteca de la Facultad de Derecho y Ciencias Sociales "Felipe J. Tena" General 14/11/2019 1a ed. Ciencias Sociales y Administrativas KHA2921 S24 2001 BFD000011867 14/11/2019 1 1.00 Libro